Pequeños actos de desobediencia civil /

Guardado en:
Detalles Bibliográficos
Autor principal: Mejía Madrid, Fabrizio (autor)
Formato: Libro
Idioma:Español
Publicado: México : Cal y Arena, 1996, c1996
Colección:(Los Libros de la Condesa)
Temas:
Etiquetas: Agrega una etiqueta
Sin etiquetas, Sé el primero en etiquetar este registro!

MARC

LEADER 00000nam^a2200000^a^4500
001 000147052
005 20250521000000.0
009 20260310095933.386
020 |a 968-493-302-9 
037 |a Acervo ITESO - Biblioteca 
041 |a ESP 
082 |a 863.  |b MEJ 
100 |a Mejía Madrid, Fabrizio  |e (autor) 
245 1 0 |a Pequeños actos de desobediencia civil /  |c F. Mejía Madrid. 
264 4 |a México :  |b Cal y Arena,  |c 1996, c1996 
300 |a 309 p. 
336 |a texto  |b txt  |2 rdacontenido 
337 |a sin mediación  |b n  |2 rdamedio 
338 |a volumen  |b nc  |2 rdasoporte 
440 5 |a (Los Libros de la Condesa) 
545 0 |a El escritor y periodista Fabrizio Mejía Madrid (Ciudad de México, 1968) destaca por sus crónicas en las que vierte la emoción y la ficción; sus textos, incluidas sus novelas, se caracterizan por el humor y la irreverencia. Ha sido columnista de La Jornada Semanal y de El Economista; y colaborador de publicaciones tales como Nexos, Gatopardo y Letras Libres. En 2004 obtuvo el Premio Antonin Artaud. Autor de Erótica Nacional (1994); Entre las sábanas (1995); Pequeños actos de desobediencia civil (1996), crónicas de la vida cotidiana del mexicano desde la crisis de 1982 a la de 1995; Viaje alrededor de mi padre (2004); Hombre al agua (2004) y El rencor (2006) y Disparos en la oscuridad (2011), vida novelada del presidente Díaz Ordaz, entre otros. 
649 |a XX 
650 |a Crónicas Mexicanas 
650 |a Literatura Mexicana -  |y Siglo XX 
650 |a México (Ciudad) -  |x Descripción 
650 |a Ocio y Tiempo Libre 
650 |a Política -  |z México -  |x Historia -  |y Siglo XX 
910 |a Fondo General 
920 |a Impresos - Libros 
930 |a Colección General 
940 |a Literatura 
905 |a 101 
901 |a 0500076650  |b IT1  |c LIT  |u 20250521 
902 |a https://opac.biblio.iteso.mx/vufind/Record/000147052